Vzorkovanie v reálnom a v ekvivalentnom čase

Gespeichert in:
Bibliographische Detailangaben
1. Verfasser: Vasil, Ervín, 1987- (Verfasst von)
Weitere Verfasser: Kamenský, Miroslav, 1977- (Betreuung Doktorarbeit)
Format: Manuskript Buch
Sprache:Slowakisch
Veröffentlicht: Bratislava : STU v Bratislave FEI, 2010
Schlagworte:
Online-Zugang:VAIS
Tags: Tag hinzufügen
Keine Tags, Fügen Sie das erste Tag hinzu!

MARC

LEADER 00000ntm a22000003a 4500
001 stu209360
005 20150617230103.7
008 100818s2010------------------------slo-d
040 |a STU  |b slo 
041 0 |a slo 
100 1 |a Vasil, Ervín,  |d 1987-  |4 aut  |u E  |T FEI Fakulta elektrotechniky a informatiky  |X 51359  |U E  |Y 30  |7 A000051359 
242 0 0 |a Real time and equivalent time sampling  |y eng 
245 1 |a Vzorkovanie v reálnom a v ekvivalentnom čase 
260 |a Bratislava :  |b STU v Bratislave FEI,  |c 2010 
300 |a 45 s 
650 7 |a vzorkovanie  |2 stusub 
650 7 |a priemyselná informatika  |2 stusub 
700 1 |a Kamenský, Miroslav,  |d 1977-  |4 ths  |u E040  |U FEI Fakulta elektrotechniky a informatiky  |T FEI Ústav elektrotechniky  |X 3216  |U E040  |Y 550  |7 A000003216 
856 4 |a info a plný text  |u http://is.stuba.sk/zp/portal_zp.pl?podrobnosti=62667  |3 VAIS